01540nam a22003494a 4500001001100000003000800011006001900019007001500038008004100053010001700094020002800111040002100139035002100160050002600181082002000207245017300227260004700400300002400447504005100471533015200522650005300674650005300727650006100780650005500841650005300896655002900949700003200978700002301010710001701033856012501050999001501175ebr5005145CaPaEBRm u cr cn|||||||||990315s1999 ctua sb 001 0 eng  z 99014842  z0897896874 (alk. paper) aCaPaEBRcCaPaEBR a(OCoLC)23216183314aLB2806.4b.I56 1999eb04a371.2/0097322100aImproved test scores, attitudes, and behaviors in America's schoolsh[electronic resource] :bsupervisors' success stories /cedited by Rita Dunn and Thomas C. DeBello. aWestport, Conn. :bBergin & Garvey,c1999. axiv, 228 p. :bill. aIncludes bibliographical references and index. aElectronic reproduction.bPalo Alto, Calif. :cebrary,d2013.nAvailable via World Wide Web.nAccess may be limited to ebrary affiliated libraries. 0aSchool supervisionzUnited StatesvCase studies. 0aSchool supervisorszUnited StatesvCase studies. 0aIndividualized instructionzUnited StatesvCase studies. 0aAcademic achievementzUnited StatesvCase studies. 0aEducational changezUnited StatesvCase studies. 7aElectronic books.2local1 aDunn, Rita Stafford,d1930-1 aDeBello, Thomas C.2 aebrary, Inc.40uhttp://site.ebrary.com/lib/rucke/Doc?id=5005145zAn electronic book accessible through the World Wide Web; click to view c1561d1561